Talking in flowers : Japanese botanical art : catalogue of an exhibition, 5 April to 16 July 1982 /
Saved in:
| Main Author: | |
|---|---|
| Corporate Author: | |
| Other Authors: | |
| Format: | Book |
| Language: | English |
| Published: |
Pittsburgh :
Hunt Institute for Botanical Documentation, Carnegie-Mellon University,
1982.
|
| Subjects: | |
| Tags: |
Add Tag
No Tags, Be the first to tag this record!
|
| LEADER | 01121cam a2200301uu 4500 | ||
|---|---|---|---|
| 001 | 001077357-6 | ||
| 005 | 20050319134550.0 | ||
| 008 | 830321s1982 paua c 00010 eng d | ||
| 010 | |a 89157432 //r94 | ||
| 020 | |a 0913196401 | ||
| 035 | 0 | |a ocm20491073 | |
| 035 | 0 | |a ocm20491073 |z ocm09330077 |z ocm15012528 | |
| 035 | 0 | |a ocm09330077 | |
| 040 | |a TYC |c TYC | ||
| 050 | 0 | 0 | |a QK98.3 |b .T35 1982 |
| 082 | 0 | 0 | |a 580/.22/2 |2 20 |
| 100 | 1 | |a Brindle, John V. | |
| 245 | 1 | 0 | |a Talking in flowers : |b Japanese botanical art : catalogue of an exhibition, 5 April to 16 July 1982 / |c John V. Brindle and James J. White. |
| 260 | 0 | |a Pittsburgh : |b Hunt Institute for Botanical Documentation, Carnegie-Mellon University, |c 1982. | |
| 300 | |a 95 p. : |b chiefly ill. (some col.) ; |c 27 cm. | ||
| 650 | 0 | |a Botanical illustration |v Exhibitions. | |
| 650 | 0 | |a Botanical illustration |z Japan |v Exhibitions. | |
| 690 | 9 | |a Flower painting and illustration, Japanese. |5 gdn | |
| 700 | 1 | |a White, James J. |q (James Joseph), |d 1941- | |
| 700 | 1 | |a Brindle, John V. | |
| 710 | 2 | |a Hunt Institute for Botanical Documentation. | |
| 988 | |a 20020608 | ||
| 906 | |0 OCLC | ||


